| 000 | 00000nam 2200000zi 4500 |
| 001 | 9.913192 |
| 003 | CaOODSP |
| 005 | 20220714083633 |
| 006 | m o d f |
| 007 | cr cn||||||||| |
| 008 | 220708e2022o7 quca o f000 0 fre d |
| 020 | |a9780660445069 |
| 040 | |aCaOODSP|bfre|erda|cCaOODSP |
| 043 | |an-cn--- |
| 086 | 1 |aEn4-474/2022F-PDF |
| 245 | 00|aRèglement sur les combustibles propres : |bméthode de quantification pour le captage et le stockage permanent du CO₂. |
| 250 | |aVersion 1.0. |
| 264 | 1|aGatineau (Québec) : |bEnvironnement et changement climatique Canada = Environment and Climate Change Canada, |cjuillet 2022. |
| 264 | 4|c©2022 |
| 300 | |a1 ressource en ligne (55 pages) : |billustrations en couleur |
| 336 | |atexte|btxt|2rdacontent/fre |
| 337 | |ainformatique|bc|2rdamedia/fre |
| 338 | |aressource en ligne|bcr|2rdacarrier/fre |
| 500 | |aPublié aussi en anglais sous le titre : Clean Fuel Regulations : quantification method for CO₂ capture and permanent storage. |
| 504 | |a« ECCC 22092. » |
| 650 | 6|aGaz carbonique|xRéduction|zCanada. |
| 650 | 6|aPiégeage du carbone géologique|zCanada. |
| 650 | 6|aCombustibles fossiles|zCanada. |
| 710 | 1 |aCanada. |bEnvironnement et changement climatique Canada, |eorganisme de publication. |
| 775 | 08|tClean Fuel Regulations : |w(CaOODSP)9.913191 |
| 856 | 40|qPDF|s972 Ko|uhttps://publications.gc.ca/collections/collection_2022/eccc/En4-474-2022-fra.pdf |